| 000 | 00652nam a2200217 i 4500 | ||
|---|---|---|---|
| 001 | 58366 | ||
| 003 | ES-MaACL | ||
| 005 | 20250824211722.0 | ||
| 007 | t| | ||
| 008 | 031022s1962 sp ||||1| spa d | ||
| 100 | 1 |
_aDurand, Jacques. _946253 |
|
| 245 | 1 | 3 |
_aEl cine y su público / _cJacques Durand ; traducción de Juan Manuel Otero. |
| 260 |
_aMadrid : _bRialp, _c1962. |
||
| 300 |
_a378 p. : _bil. ; _c22 cm. |
||
| 490 | 1 |
_aLibros de cine Rialp ; _v3 |
|
| 650 | 0 | 7 |
_aCine _2embne _911010 |
| 700 | 1 |
_aOtero, Juan Manuel. _987892 |
|
| 830 | 1 | 0 |
_aLibros de cine Rialp _v3 _9181163 |
| 852 |
_aES-MaACL _jC-20913 |
||
| 999 |
_c58366 _d58366 |
||